000 00703nam a22002297a 4500
005 20170124110101.0
010 _aA-473313
020 _c00.00
_a0863111769
035 _aA-473313
037 _bCen Lib/Ret
040 _aDPL
_bEN
082 _a954.0841
_bCHA
100 _aChandra, Bipan
_927165
245 _aThe Epic struggle /
_cby Bipan Chandra
260 _aNew Delhi
_bOrient Longman
_c1992
270 _a1/24 Asaf Ali Road
_bNew Delhi
_e110002
300 _axiii,93p. :
_c21cm(Hb)
_bill.
500 _aIncludes index
650 _aIndia -- Politics and government -- 20th century
_98568
650 _aNationalism -- India -- History
_912716
942 _2ddc
_cEN
_h921
_mCHA
999 _c129706
_d129706